Σύγκριση των ιδιοτήτων του εδάφους σε οργανικές και συμβατικές καλλιέργειες πορτοκαλιάς : πτυχιακή εργασία
Αποθηκεύτηκε σε:
| Κύριος συγγραφέας: | |
|---|---|
| Συγγραφή απο Οργανισμό/Αρχή: | |
| Άλλοι συγγραφείς: | , |
| Μορφή: | Thesis Βιβλίο |
| Γλώσσα: | Greek |
| Δημοσίευση: |
Μυτιλήνη :
Πανεπιστημιο Αιγαίου, Σχολή Περιβάλλοντος, Τμήμα Περιβάλλοντος,
1993
|
| Θέματα: | |
| Διαθέσιμο Online: | http://hdl.handle.net/11610/9798 |
| Ετικέτες: |
Προσθήκη ετικέτας
Δεν υπάρχουν, Καταχωρήστε ετικέτα πρώτοι!
|
MARC
| LEADER | 00000cam a2200000 i 4500 | ||
|---|---|---|---|
| 001 | 1/3801 | ||
| 008 | 000523s1993 gre d | ||
| 035 | |l 10060927 | ||
| 040 | |a GR-MY-UA |b gre |e aacr | ||
| 041 | 0 | |a gre | |
| 082 | 0 | |a 631.4 |2 (22) | |
| 100 | 1 | |a Γλύτσης, Μανώλης. | |
| 245 | 1 | 0 | |a Σύγκριση των ιδιοτήτων του εδάφους σε οργανικές και συμβατικές καλλιέργειες πορτοκαλιάς : |b πτυχιακή εργασία / |c Γλύτσης Μανώλης, Σταυρούλα Πούλη ; επιβλέπων καθηγητής: Α. Δημητρακόπουλος |
| 260 | |a Μυτιλήνη : |b Πανεπιστημιο Αιγαίου, Σχολή Περιβάλλοντος, Τμήμα Περιβάλλοντος, |c 1993 | ||
| 300 | |a 68 σ.; |b πιν., σχ.; |c 30 εκ. | ||
| 502 | |a Πτυχιακή εργασία – Πανεπιστήμιο Αιγαίου, Λέσβος, 1993. | ||
| 504 | |a Περιέχει παράρτημα και βιβλιογραφία | ||
| 650 | 0 | 0 | |a Soil fertility |x Analysis. |
| 650 | 0 | 0 | |a Crops and soils. |
| 650 | 0 | 0 | |a Orchards |x Soils. |
| 650 | 0 | 0 | |a Dissertations, Academic |z Greece. |
| 700 | 1 | |a Πούλη, Σταυρούλα. | |
| 700 | 1 | |a Δημητρακόπουλος, Αλέξανδρος. |4 ths | |
| 710 | 2 | |a Πανεπιστήμιο Αιγαίου. |b Σχολή Περιβάλλοντος. |b Τμήμα Περιβάλλοντος. | |
| 852 | |a INST |b LESVOS |c DIATR |e 20000523 |h 69 |p 005100026234 |q 005100026234 |t DIE |y 23 | ||
| 852 | |a INST |b LESVOS |c DIATR |e 20000523 |h 70 |p 005100026233 |q 005100026233 |t DIE |y 23 | ||
| 856 | |u http://hdl.handle.net/11610/9798 | ||
| 901 | |a BIBL1-2000-2 | ||
| 909 | |a Λ |b 078864 | ||
| 909 | |a Λ |b 078865 | ||
| 924 | |a ΓΛΥΤΣΗΣ |b ΜΑΝΩΛΗΣ |y ΛΕΣΒΟΣ |z 1993-04 | ||
| 924 | |a ΠΟΥΛΗ |b ΣΤΑΥΡΟΥΛΑ |y ΛΕΣΒΟΣ |z 1993-04 | ||
| 970 | |a ΑΙΒΑΤΖΙΔΟΥ |b ΕΛΕΝΗ |z 2000/05/23 | ||